000 00642nam a2200193 i 4500
001 135208
003 ES-MaACL
005 20230906194829.0
007 t|
008 070711s1976 sp ||||1| spa d
080 _a621.311.25(460)
100 1 _aTocino Biscarolasaga, Isabel.
_9110390
245 1 0 _aRiesgo y daño nuclear de las centrales nucleares /
_cpor Isabel Tocino Biscarolasaga.
260 _aMadrid :
_bJunta de Energía Nuclear,
_c1975.
300 _aXXXVII, 581 p. ;
_c21 cm.
650 1 4 _aCentrales nucleares-
_zEspaña.
_910884
710 2 _aJunta de Energía Nuclear (España)
_95390
852 _aES-MaACL
_jL-779
_bR.101094
999 _c135208
_d135208